Central Library OPAC University of Rajshahi

Aaron's rod / (Record no. 83019)

MARC details
000 -LEADER
fixed length control field 00653nam a2200229 a 4500
001 - CONTROL NUMBER
control field 83019
003 - CONTROL NUMBER IDENTIFIER
rucl marc code BD-RjUL
005 - DATE AND TIME OF LATEST TRANSACTION
control field 20240208145512.0
008 - FIXED-LENGTH DATA ELEMENTS--GENERAL INFORMATION
fixed length control field 240208s1954 enk 000 0 eng d
035 ## - SYSTEM CONTROL NUMBER
System control number (BD-RjUL)83019
040 ## - CATALOGING SOURCE
Original cataloging agency TAU
Language of cataloging eng
Transcribing agency BD-RjUL
041 ## - LANGUAGE CODE
Language code of text/sound track or separate title eng
082 ## - DEWEY DECIMAL CLASSIFICATION NUMBER
Edition number 23
Classification number 823.912
Author mark and year LAA 1954
100 1# - MAIN ENTRY--PERSONAL NAME
Personal name Lawrence, D. H.
Fuller form of name (David Herbert),
Dates associated with a name 1885-1930
9 (RLIN) 11578
245 10 - TITLE STATEMENT
Title Aaron's rod /
Statement of responsibility, etc. D. H. Lawrence
250 ## - EDITION STATEMENT
Edition statement Phoenix ed.
260 ## - PUBLICATION, DISTRIBUTION, ETC. (IMPRINT)
Place of publication, distribution, etc. London :
Name of publisher, distributor, etc. W. Heinemann,
Date of publication, distribution, etc. 1954
300 ## - PHYSICAL DESCRIPTION
Pagination 290 p.;
Size 19 cm.
650 ## - SUBJECT ADDED ENTRY--TOPICAL TERM
Topical term or geographic name as entry element Flute players
Form subdivision Fiction
9 (RLIN) 11580
942 ## - ADDED ENTRY ELEMENTS (KOHA)
Source of classification or shelving scheme Dewey Decimal Classification
Koha item type Books
Holdings
Lost status Source of classification or shelving scheme Damaged status Not for loan Collection code Permanent Location Current Location Shelving location Date acquired Total Checkouts Full call number Date last seen Copy number Koha item type
  Dewey Decimal Classification   Not For Loan Fiction Central Library, University of Rajshahi Central Library, University of Rajshahi Reading Room 08/02/2024   823.912 LAA 1954 08/02/2024 C-1 Books